000 00696nam a2200241Ia 4500
003 GCL
008 140319s9999 xx 000 0 ara d
040 _aGCL /
_cGCL
082 0 4 _a701.1
_bج و
100 1 _aفؤاد حداد
245 1 0 _aواقعية بلا ضفاف : بيكاسو , كافكا , سان جون بيرس /
_cفؤاد حداد
700 1 _aجارودى، روجيه
700 1 _aحليم طوسون
700 1 _aاراجون
300 _a257 ص
490 _a
650 0 4 _aالفنانون
650 0 4 _aالفن - تاريخ ونقد
650 0 4 _aكافكا
650 0 4 _aبيرس , سان جون
650 0 4 _aبيكاسو، بابلو
942 _2ddc
_cBK
999 _c46059
_d46059